Highway pollution

Αποθηκεύτηκε σε:
Λεπτομέρειες βιβλιογραφικής εγγραφής
Άλλοι συγγραφείς: Hamilton, Ronald S. (Επιμελητής έκδοσης), Harrison, Roy M. (Επιμελητής έκδοσης)
Μορφή: Βιβλίο
Γλώσσα:English
Δημοσίευση: Amsterdam : Elsevier, 1991
Σειρά:Studies in environmental science ; ; 44
Θέματα:
Ετικέτες: Προσθήκη ετικέτας
Δεν υπάρχουν, Καταχωρήστε ετικέτα πρώτοι!

MARC

LEADER 00000nam a2200000 i 4500
001 1/93726
008 970916s1991 eng d
020 |a 0-444-88188-3 
035 |l 10008936 
040 |a GR-MY-UA  |b gre  |e aacr 
041 0 |a eng 
082 0 |a 363.731 
245 1 0 |a Highway pollution /  |c Edited by Ronald S. Hamilton; Roy M. Harrison 
260 |a Amsterdam :   |b Elsevier,   |c 1991 
300 |a xii, 510 p.;  |b ill.;  |c 25 cm 
490 1 |a Studies in environmental science  |v ; 44 
504 |a Includes bibliographical references and index 
650 0 0 |a Roads  |x Environmental aspects. 
650 0 0 |a Automobiles  |x Motors  |x Exhaust gas  |x Environmental aspects. 
700 1 |a Hamilton, Ronald S.  |4 edt 
700 1 |a Harrison, Roy M.  |4 edt 
830 0 |a Studies in environmental science ;  |v ; 44 
852 |a INST  |b LESVOS  |e 19970916  |h 363.731 HIG  |p 005100007462  |q 005100007462  |t BK  |y 0 
852 |a INST  |b LESVOS  |e 19970916  |h 363.731 HIG  |p 005100010895  |q 005100010895  |t BK  |y 0 
909 |a Λ  |b 026709 
909 |a Λ  |b 038401